| 000 | 00435cam a22001934a 4500 | ||
|---|---|---|---|
| 005 | 20250605164157.0 | ||
| 008 | 250528s ||||||||||||||||||||||||d | ||
| 035 | _a19652 | ||
| 020 | _a9604058916 | ||
| 040 |
_aGR-AtMCL _bgre _dGR-AtMCL _eAACR2 |
||
| 245 | 1 | _a3D STUDIO MAX | |
| 250 | _a1 | ||
| 260 |
_bΊων, _c1998 |
||
| 300 | _a297 | ||
| 700 | 1 |
_aBousquet Michele _95859 |
|
| 942 | _cBK | ||
| 999 |
_c4908 _d4908 |
||